[Event "NOR-ch Class5"]
[Site "Lillehammer"]
[Date "2013.06.29"]
[Round "2"]
[White "Tandberg, Gjermund"]
[Black "Tallaksen, Knut Henrik"]
[Result "1/2-1/2"]
[WhiteElo "744"]
[BlackElo "739"]
[PlyCount "61"]
[EventDate "2013.06.29"]
[EventType "swiss"]
[EventRounds "9"]
[EventCountry "NOR"]
[SourceTitle "EXT 2017"]
[Source "ChessBase"]
[SourceDate "2016.10.25"]
[SourceVersion "1"]
[SourceVersionDate "2016.10.25"]
[SourceQuality "1"]

1. d4 d5 2. c4 c6 3. Nc3 e6 4. Nf3 Nd7 5. Bf4 Ngf6 6. e3 Bb4 7. Bd3 dxc4 8. Bxc4 Ne4 9. Qc2 Ndf6 10. 0-0 Bxc3 11. bxc3 Qa5 12. Rac1 0-0 13. Bd3 Nxc3 14. Qxc3 Qxa2 15. Bc4 Qa4 16. Ra1 Ne4 17. Rxa4 Nxc3 18. Ra3 Nd5 19. Bxd5 cxd5 20. Ne5 f6 21. Nd3 Bd7 22. Nc5 Rf7 23. Nxb7 Bb5 24. Nd6 Bxf1 25. Nxf7 Bxg2 26. Kxg2 Kxf7 27. Bd6 a6 28. Kg3 h5 29. h4 g5 30. Ra2 Kg6 31. f3 1/2-1/2